000 00689nam a2200193Ia 4500
003 GCL
005 20240530110516.0
008 140319s9999 xx 000 0 ara d
040 _aGCL /
_cGCL
082 0 4 _a921.3\
_bب ك
100 1 _aبرانت، فريتيوف .
245 1 0 _aكير كجرد /
_cفريتيوف ، برانت مجاهد عبدالمنعم مجاهد .
260 _aبيروت :
_bالمؤسسة العربية للدراسات والنشر ،
_c1981
300 _aمتعدد ؛
_c17 سم
490 _aسلسلة اعلام الفكر العالمى
_v0
650 0 4 _aالفلاسفة
700 1 _aمجاهد عبدالمنعم مجاهد .
942 _2ddc
_cBK
999 _c61786
_d61786